[Event "ROM-ch Rapid"]
[Site "Bucharest"]
[Date "2022.03.11"]
[Round "1"]
[White "Tanase, Vasile Marian"]
[Black "Daianu, Cristian Clement"]
[Result "0-1"]
[WhiteElo "1481"]
[BlackElo "2171"]
[PlyCount "28"]
[EventDate "2022.03.11"]
[EventType "swiss (rapid)"]
[EventRounds "9"]
[EventCountry "ROU"]
[SourceTitle "CBM 207 Extra"]
[Source "ChessBase"]
[SourceDate "2022.05.31"]
[SourceVersion "1"]
[SourceVersionDate "2022.05.31"]
[SourceQuality "1"]

1. Nf3 f5 2. c4 Nf6 3. g3 d6 4. d4 e6 5. Bg2 Be7 6. 0-0 0-0 7. Nc3 Ne4 8. Ne1 Nxc3 9. bxc3 e5 10. e4 Nc6 11. f4 Bf6 12. fxe5 dxe5 13. d5 Na5 14. Qa4 b6 0-1